Score 0/54 Timer 10:00
0 Plays Today
% Correct
Fulton
97.5%
Cobb
96.2%
DeKalb
95.8%
Gwinnett
93.7%
Bibb
91.2%
Chatham
90%
Effingham
85.4%
Muscogee
84.9%
Richmond
84.9%
Appling
84.5%
Forsyth
84.5%
Clayton
84.3%
Jackson
84.1%
Henry
82.8%
Quitman
82.4%
Paulding
82%
Lowndes
80.8%
Atkinson
79.5%
Hall
79.5%
Bartow
79.1%
Douglas
79.1%
Barrow
78.7%
Union
78.7%
Dougherty
78.2%
Newton
78.2%
Jefferson
77.8%
Houston
77%
% Correct
Oglethorpe
77%
Irwin
76.2%
Upson
75.7%
Fayette
75.3%
Oconee
72.8%
Rockdale
71.5%
Whitfield
68.2%
Glynn
66.9%
Liberty
66.9%
Jones
65.3%
Spalding
63.2%
Elbert
62.8%
Walton
62.3%
Troup
59.8%
Thomas
59.4%
Emanuel
58.6%
Gordon
58.6%
Sumter
58.2%
Tift
58.2%
Rabun
56.1%
Madison
55.6%
Walker
55.2%
Polk
54.4%
Laurens
53.6%
Pickens
52.3%
Stephens
49.4%
Murray
48.5%
Remove Ads.
Support Sporcle.
Get the best of Sporcle when you Go Orange. This ad-free experience offers more features, more stats, and more fun while also helping to support Sporcle. Thank you for becoming a member.

You're not logged in!

Compare scores with friends on all Sporcle quizzes.
OR
Log In

Show Comments

Extras

Top Quizzes Today


Score Distribution

Your Account Isn't Verified!

In order to create a playlist on Sporcle, you need to verify the email address you used during registration. Go to your Sporcle Settings to finish the process.

Report this User

Report this user for behavior that violates our Community Guidelines.

Details: